Green aerobic oxidation of n-octanol with Au supported catalysts; Энерго-ресурсоэффективность в интересах устойчивого развития

Bibliographic Details
Parent link:Энерго-ресурсоэффективность в интересах устойчивого развития.— 2018.— [С. 353-354]
Corporate Author: Национальный исследовательский Томский политехнический университет Исследовательская школа химических и биомедицинских технологий (ИШХБМТ)
Other Authors: Pakrieva E. G. Ekaterina Germanovna, Kolobova E. N. Ekaterina Nikolaevna, German D. Yu. Dmitry Yuryevich, Cortés Corberán V., Buachidze A. R. Anna Romanovna, Pestryakov A. N. Aleksey Nikolaevich
Summary:Заглавие с экрана
Language:English
Published: 2018
Series:Зелёная химия
Subjects:
Online Access:http://earchive.tpu.ru/handle/11683/52119
Format: Electronic Book Chapter
KOHA link:https://koha.lib.tpu.ru/cgi-bin/koha/opac-detail.pl?biblionumber=628850

MARC

LEADER 00000naa2a2200000 4500
001 628850
005 20250515105011.0
035 |a (RuTPU)RU\TPU\conf\29134 
035 |a RU\TPU\conf\29132 
090 |a 628850 
100 |a 20181214d2018 k y0rusy50 ba 
101 0 |a eng 
102 |a RU 
105 |a y z 101zy 
135 |a drgn ---uucaa 
181 0 |a i  
182 0 |a b 
200 1 |a Green aerobic oxidation of n-octanol with Au supported catalysts  |f E. G. Pakrieva, E. N. Kolobova, D. Yu. German [et al.] 
203 |a Текст  |c электронный 
225 1 |a Зелёная химия 
300 |a Заглавие с экрана 
320 |a [Библиогр.: с. 354 (3 назв.)] 
463 0 |0 (RuTPU)RU\TPU\conf\28968  |t Энерго-ресурсоэффективность в интересах устойчивого развития  |o сборник научных трудов международной научной конференции, г. Томск, 12–16 ноября 2018 г.  |f Национальный исследовательский Томский политехнический университет (ТПУ)  |v [С. 353-354]  |d 2018 
610 1 |a электронный ресурс 
610 1 |a труды учёных ТПУ 
610 1 |a аэробное окисление 
610 1 |a катализаторы 
610 1 |a золото 
610 1 |a биомасса 
610 1 |a каталитическая активность 
610 1 |a дезактивация 
701 1 |a Pakrieva  |b E. G.  |c Chemical Engineer  |c Engineer of Tomsk Polytechnic University  |f 1989-  |g Ekaterina Germanovna  |3 (RuTPU)RU\TPU\pers\33273 
701 1 |a Kolobova  |b E. N.  |c Chemical Engineer  |c design engineer of Tomsk Polytechnic University  |f 1989-  |g Ekaterina Nikolaevna  |3 (RuTPU)RU\TPU\pers\34488  |9 17871 
701 1 |a German  |b D. Yu.  |c Chemical engineer  |c Engineer of Tomsk Polytechnic University  |f 1993-  |g Dmitry Yuryevich  |3 (RuTPU)RU\TPU\pers\42480 
701 1 |a Cortés Corberán  |b V. 
701 1 |a Buachidze  |b A. R.  |c medical technology specialist  |c engineer of Tomsk Polytechnic University  |f 1995-  |g Anna Romanovna  |3 (RuTPU)RU\TPU\pers\46793 
701 1 |a Pestryakov  |b A. N.  |c Chemist  |c Professor of Tomsk Polytechnic University, Doctor of Chemical Science  |f 1963-  |g Aleksey Nikolaevich  |3 (RuTPU)RU\TPU\pers\30471  |9 14796 
712 0 2 |a Национальный исследовательский Томский политехнический университет  |b Исследовательская школа химических и биомедицинских технологий (ИШХБМТ)  |c (2017- )  |3 (RuTPU)RU\TPU\col\23537 
801 2 |a RU  |b 63413507  |c 20210312  |g RCR 
850 |a 63413507 
856 4 |u http://earchive.tpu.ru/handle/11683/52119 
942 |c BK